[Event "Bled Olympiad"]
[Site "Bled SLO"]
[Date "2002.11.01"]
[EventDate "2002.10.26"]
[Round "7"]
[Result "1-0"]
[White "Zenon Franco Ocampos"]
[Black "Warren Elliott"]
[WhiteElo "2504"]
[BlackElo "2238"]
[PlyCount "119"]

1. c4 e5 2. g3 Nc6 3. Bg2 g6 4. Nc3 Bg7 5. e4 Nge7 6. Nge2 d6
7. d3 O-O 8. O-O Nd4 9. Nxd4 exd4 10. Ne2 a5 11. Rb1 Nc6
12. b3 Bd7 13. a3 Rb8 14. Qc2 Kh8 15. Bd2 f5 16. b4 axb4
17. axb4 fxe4 18. Bxe4 Bh3 19. Rfe1 Qf6 20. f4 Ne7 21. b5 Bf5
22. Kg2 c6 23. Ng1 Rfd8 24. Nf3 Bd7 25. Ng1 Bf5 26. Bxf5 Nxf5
27. Nf3 Re8 28. Qa4 c5 29. Qa7 Qf7 30. Qb6 Qd7 31. Re4 Ra8
32. Rxe8+ Rxe8 33. Re1 Rxe1 34. Nxe1 h6 35. Qa5 Qe6 36. Kf2
Ne3 37. Qa8+ Kh7 38. Qxb7 Ng4+ 39. Kf1 Nxh2+ 40. Kg1 Ng4
41. Qf3 Nf6 42. Nc2 d5 43. Na3 Bf8 44. cxd5 Nxd5 45. Nc4 Be7
46. Qe4 Qxe4 47. dxe4 Nc7 48. b6 Na6 49. b7 Bd8 50. Ba5 Bxa5
51. Nxa5 Nb8 52. Kf2 Kg7 53. Nb3 c4 54. Nxd4 Kf7 55. e5 Ke7
56. Ke3 Kd7 57. Kd2 Kc7 58. e6 Na6 59. Nb5+ Kd8 60. Kc3 1-0

[Event "Bled Olympiad"]
[Site "Bled SLO"]
[Date "2002.11.01"]
[EventDate "2002.10.26"]
[Round "7"]
[Result "1-0"]
[White "Matej Sebenik"]
[Black "Boonsueb Saeheng"]
[WhiteElo "2414"]
[BlackElo "2306"]
[PlyCount "55"]

1. Nf3 Nf6 2. d4 g6 3. g3 Bg7 4. Bg2 O-O 5. O-O d6 6. b3 Nbd7
7. Bb2 c6 8. Nbd2 d5 9. c4 e6 10. Qc2 Re8 11. Rfd1 a5 12. a4
Qc7 13. Rac1 Qb8 14. e4 dxe4 15. Nxe4 Nxe4 16. Qxe4 c5 17. Qe2
Bh6 18. Rc3 Ra6 19. Rcd3 Rd6 20. Ne5 b6 21. Nxd7 Rxd7 22. Bc6
cxd4 23. Bxd7 Bxd7 24. Rxd4 Bc6 25. Rd6 Qb7 26. Qe5 Kf8
27. Qh8+ Ke7 28. Bf6+ 1-0

[Event "Bled Olympiad"]
[Site "Bled SLO"]
[Date "2002.11.02"]
[EventDate "2002.10.26"]
[Round "8"]
[Result "1-0"]
[White "Peter Acs"]
[Black "Levente Vajda"]
[WhiteElo "2591"]
[BlackElo "2576"]
[PlyCount "73"]

1. e4 e5 2. Nf3 Nc6 3. Nc3 d6 4. d4 Bg4 5. Bb5 exd4 6. Qxd4
Bxf3 7. gxf3 Nge7 8. Bg5 a6 9. Bxc6+ Nxc6 10. Qe3 Qd7 11. Nd5
Be7 12. O-O-O f6 13. Bh4 O-O-O 14. f4 Qg4 15. Bg3 f5 16. f3
Qh5 17. e5 Rhe8 18. e6 Bf6 19. Rhe1 Re7 20. Nxe7+ Bxe7 21. c4
Bf6 22. Re2 Re8 23. a3 b6 24. Red2 Nd8 25. c5 Rxe6 26. Qd3
bxc5 27. Bf2 Qxh2 28. Qxa6+ Kd7 29. Qa4+ Ke7 30. Bxc5 Qg3
31. Qa7 Ke8 32. Qxc7 Qxf4 33. Bxd6 Qa4 34. Bc5 Bg5 35. f4 Bxf4
36. Qxd8+ Kf7 37. Qf8+ 1-0

[Event "Bled Olympiad"]
[Site "Bled SLO"]
[Date "2002.11.02"]
[EventDate "2002.10.26"]
[Round "8"]
[Result "1/2-1/2"]
[White "Liviu Dieter Nisipeanu"]
[Black "Peter Leko"]
[WhiteElo "2613"]
[BlackElo "2743"]
[PlyCount "41"]

1. e4 e5 2. Nf3 Nf6 3. Nxe5 d6 4. Nf3 Nxe4 5. d4 d5 6. Bd3 Be7
7. O-O Nc6 8. c4 Nf6 9. h3 Nb4 10. Be2 dxc4 11. Bxc4 O-O
12. Nc3 Nbd5 13. Re1 c6 14. Qb3 Nb6 15. Bf1 Nfd5 16. Qc2 Bf6
17. a3 g6 18. Bd3 Bg7 19. Bg5 Qc7 20. Bh4 Be6 21. Bg3 1/2-1/2

[Event "Bled Olympiad"]
[Site "Bled SLO"]
[Date "2002.11.02"]
[EventDate "2002.10.26"]
[Round "8"]
[Result "1/2-1/2"]
[White "Faruk Bistric"]
[Black "Jan Plachetka"]
[WhiteElo "2484"]
[BlackElo "2444"]
[PlyCount "24"]

1. d4 Nf6 2. Nf3 e6 3. e3 d5 4. Bd3 b6 5. O-O Bb7 6. b3 Nbd7
7. Bb2 Be7 8. c4 O-O 9. Nc3 c5 10. Qe2 cxd4 11. exd4 Re8
12. Rac1 Rc8 1/2-1/2

[Event "Bled Olympiad"]
[Site "Bled SLO"]
[Date "2002.11.02"]
[EventDate "2002.10.26"]
[Round "8"]
[Result "1/2-1/2"]
[White "Vlastimil Babula"]
[Black "Gabriel Sargissian"]
[WhiteElo "2590"]
[BlackElo "2568"]
[PlyCount "76"]

1. d4 Nf6 2. c4 e6 3. Nc3 Bb4 4. e3 O-O 5. Bd3 d5 6. Nf3 c5
7. O-O dxc4 8. Bxc4 Nbd7 9. a3 cxd4 10. axb4 dxc3 11. bxc3 Qc7
12. Qb3 b6 13. Be2 Bb7 14. Rd1 a5 15. Bb2 Rfc8 16. c4 axb4
17. Rxa8 Bxa8 18. Qxb4 h6 19. Qe7 Bxf3 20. gxf3 e5 21. Bf1 Re8
22. Qd6 Qb7 23. Bg2 Re6 24. Qd2 Re8 25. Qd6 Re6 26. Qd3 Re8
27. f4 Qc7 28. Bh3 Nc5 29. Qf5 exf4 30. Bxf6 gxf6 31. Qxf6 Qe5
32. Qxe5 Rxe5 33. exf4 Re4 34. Bf1 Rxf4 35. Rd6 Rg4+ 36. Bg2
Ne6 37. h3 Rxc4 38. Rxb6 Kg7 1/2-1/2

[Event "Bled Olympiad"]
[Site "Bled SLO"]
[Date "2002.11.02"]
[EventDate "2002.10.26"]
[Round "8"]
[Result "1/2-1/2"]
[White "Petr Haba"]
[Black "Ashot Anastasian"]
[WhiteElo "2534"]
[BlackElo "2555"]
[PlyCount "93"]

1. d4 Nf6 2. c4 e6 3. g3 d5 4. Bg2 c6 5. Nf3 Nbd7 6. Qc2 Be7
7. O-O O-O 8. b3 b6 9. Rd1 Bb7 10. Nc3 Rc8 11. e4 dxe4
12. Nxe4 c5 13. Nxf6+ Bxf6 14. Ng5 Bxg5 15. Bxb7 Rc7 16. dxc5
bxc5 17. Bg2 Bxc1 18. Raxc1 Qe7 19. Qd2 Nf6 20. Qd6 Qxd6
21. Rxd6 Rfc8 22. Rcd1 Kf8 23. Ra6 Ke7 24. Kf1 Ne8 25. Ke2 Rb8
26. Kd2 Rb6 27. Ra5 Nd6 28. Kc3 g5 29. Re1 f6 30. Bh3 f5
31. Bg2 Kf6 32. f4 Nf7 33. a3 gxf4 34. gxf4 e5 35. Bd5 exf4
36. Bxf7 Kxf7 37. b4 Re6 38. Rxe6 Kxe6 39. Kd3 f3 40. Ke3 cxb4
41. axb4 Rxc4 42. Rxa7 Rc3+ 43. Kf2 h5 44. Ra1 Rb3 45. Rc1 f4
46. Rc5 h4 47. Rh5 1/2-1/2

[Event "Bled Olympiad"]
[Site "Bled SLO"]
[Date "2002.11.02"]
[EventDate "2002.10.26"]
[Round "8"]
[Result "1/2-1/2"]
[White "Zurab Azmaiparashvili"]
[Black "Aleksej Aleksandrov"]
[WhiteElo "2666"]
[BlackElo "2621"]
[PlyCount "123"]

1. d4 Nf6 2. c4 e6 3. Nf3 d5 4. Nc3 Bb4 5. Qa4+ Nc6 6. e3 O-O
7. Bd2 a6 8. a3 Bd6 9. c5 Be7 10. Bd3 e5 11. Nxe5 Nxe5
12. dxe5 Nd7 13. Qc2 Nxe5 14. Bxh7+ Kh8 15. Bf5 Bxc5 16. O-O-O
c6 17. Bxc8 Rxc8 18. Kb1 b5 19. Ne4 dxe4 20. Qxc5 Nd3 21. Qh5+
Kg8 22. Bc3 Qe7 23. Qf5 Qe6 24. Qxe6 fxe6 25. f3 Rf7 26. Rhf1
Rcf8 27. b4 Rf5 28. Rg1 Rg5 29. Bd4 a5 30. h4 Rh5 31. fxe4 Nf2
32. Rc1 axb4 33. axb4 e5 34. g4 Rxh4 35. Bxe5 Nd3 36. Bg3 Rxg4
37. Bd6 Rxg1 38. Rxg1 Rf2 39. Rd1 Nb2 40. Rg1 Nc4 41. Bc5 Kf7
42. Bd4 Nd2+ 43. Kc1 Nb3+ 44. Kd1 Nxd4 45. exd4 Rb2 46. Kc1
Rxb4 47. Rd1 c5 48. Rf1+ Ke6 49. dxc5 Rxe4 50. Rg1 Kf6
51. Rf1+ Ke6 52. Rg1 Kf7 53. Rf1+ Ke7 54. Rg1 Kf6 55. Rf1+ Kg5
56. Rg1+ Kh6 57. Rh1+ Kg6 58. Rg1+ Kh7 59. Rg2 Kg8 60. c6 Kf7
61. c7 Re8 62. Rf2+ 1/2-1/2

[Event "Bled Olympiad"]
[Site "Bled SLO"]
[Date "2002.11.02"]
[EventDate "2002.10.26"]
[Round "8"]
[Result "1/2-1/2"]
[White "Viacheslav Dydyshko"]
[Black "Zviad Izoria"]
[WhiteElo "2539"]
[BlackElo "2572"]
[PlyCount "136"]

1. d4 Nf6 2. c4 e6 3. Nc3 Bb4 4. e3 O-O 5. Nge2 d5 6. a3 Be7
7. cxd5 exd5 8. g3 Re8 9. Bg2 a5 10. O-O Na6 11. Qc2 Bf8
12. Bd2 c6 13. Rad1 g6 14. f3 c5 15. Bc1 cxd4 16. exd4 Nc7
17. Nf4 b5 18. Nd3 Ne6 19. Be3 b4 20. axb4 axb4 21. Na4 Ba6
22. Rfe1 Rc8 23. Qd2 Bc4 24. Nac5 Bxd3 25. Nxd3 Qb6 26. Ne5 b3
27. Qd3 Rc2 28. Re2 Rec8 29. Bf1 Qb4 30. Rdd2 Rc1 31. Qa6 R1c2
32. Rxc2 Rxc2 33. Rxc2 bxc2 34. Qa7 Be7 35. Nd3 Qd6 36. b4 Bd8
37. Qa2 Bb6 38. Qb2 Qe7 39. Kf2 g5 40. Nc5 g4 41. Qxc2 gxf3
42. Kxf3 Bxc5 43. bxc5 Ne4 44. Kg2 Qf6 45. c6 Qe7 46. Bd3 f5
47. Qa2 Qd6 48. Qa8+ Kf7 49. Qh8 Nf8 50. Be2 Nf6 51. Bh6 Ne6
52. Qa8 Kg6 53. Be3 Qe7 54. Qb7 Qa3 55. Bf2 Qa2 56. Qa6 Qc2
57. Bd3 Qd2 58. Qc8 Ng7 59. c7 Qxd3 60. Qb7 f4 61. c8=Q f3+
62. Kh3 Qf1+ 63. Kh4 Nf5+ 64. Qxf5+ Kxf5 65. Qc8+ Kg6 66. Qc2+
Ne4 67. Qc6+ Nf6 68. Qc2+ Ne4 1/2-1/2

[Event "Bled Olympiad"]
[Site "Bled SLO"]
[Date "2002.11.02"]
[EventDate "2002.10.26"]
[Round "8"]
[Result "1/2-1/2"]
[White "Alexei Fedorov"]
[Black "Zurab Sturua"]
[WhiteElo "2564"]
[BlackElo "2536"]
[PlyCount "31"]

1. e4 e5 2. Bc4 Nf6 3. d3 c6 4. Nf3 d5 5. Bb3 Bd6 6. Nc3 dxe4
7. Ng5 O-O 8. Ncxe4 Nxe4 9. Nxe4 Bf5 10. Qf3 Bxe4 11. dxe4 Nd7
12. c3 a5 13. O-O a4 14. Bc2 Qe7 15. Rd1 Rfd8 16. Qg4 1/2-1/2

[Event "Bled Olympiad"]
[Site "Bled SLO"]
[Date "2002.11.02"]
[EventDate "2002.10.26"]
[Round "8"]
[Result "1/2-1/2"]
[White "Alexander Huzman"]
[Black "Robert Kempinski"]
[WhiteElo "2595"]
[BlackElo "2532"]
[PlyCount "45"]

1. d4 Nf6 2. c4 g6 3. Nc3 Bg7 4. e4 O-O 5. Nf3 c6 6. Bd3 d6
7. O-O Na6 8. Re1 e5 9. Bf1 Bg4 10. d5 Nb4 11. Be2 a5 12. Bg5
Na6 13. Nd2 Bd7 14. a3 Qb8 15. Rb1 Rc8 16. b4 axb4 17. axb4 c5
18. bxc5 Nxc5 19. Qc1 Be8 20. Qb2 Nfd7 21. Nb3 Nxb3 22. Qxb3
Nc5 23. Qb2 1/2-1/2

[Event "Bled Olympiad"]
[Site "Bled SLO"]
[Date "2002.11.02"]
[EventDate "2002.10.26"]
[Round "8"]
[Result "1-0"]
[White "Tomasz Markowski"]
[Black "Lev Psakhis"]
[WhiteElo "2549"]
[BlackElo "2588"]
[PlyCount "133"]

1. g3 c5 2. Bg2 g6 3. c4 Bg7 4. Nc3 Nc6 5. Nf3 b6 6. O-O Bb7
7. b3 Nd4 8. e3 Nxf3+ 9. Bxf3 Bxf3 10. Qxf3 Nf6 11. d4 O-O
12. Rd1 d6 13. Bb2 Qd7 14. Kg2 Rac8 15. h3 Rfe8 16. Rd2 cxd4
17. Rxd4 Rc5 18. Rad1 a6 19. a4 Rec8 20. Ba3 R5c7 21. R4d2 Ra7
22. Nd5 Nxd5 23. Rxd5 Qc6 24. g4 Be5 25. e4 Rb7 26. Qe3 Rbb8
27. Qe2 Rf8 28. Kg1 Qc8 29. Qe3 Bg7 30. f4 Qe6 31. f5 gxf5
32. Rxf5 Be5 33. Rdf1 Kh8 34. Bb4 f6 35. Qd3 Rg8 36. Kg2 Rg6
37. R1f2 Qg8 38. Kf1 Qc8 39. Bd2 b5 40. cxb5 axb5 41. a5 b4
42. Be3 Qc3 43. Qxc3 bxc3 44. Bb6 Rgg8 45. Rc2 Rgc8 46. Ke2
Rc6 47. Kd3 Kg7 48. Rf1 h5 49. gxh5 Kh6 50. b4 Rcxb6 51. axb6
Rxb6 52. Kc4 e6 53. b5 Kxh5 54. Kb4 Rb8 55. Rf3 Kg5 56. Rg2+
Kh6 57. Rd3 f5 58. exf5 exf5 59. Ka5 Ra8+ 60. Kb6 f4 61. Kb7
Ra1 62. b6 Rb1 63. Kc6 Rb2 64. Rxb2 cxb2 65. Rd1 Bd4 66. b7
Ba7 67. Rb1 1-0

[Event "Bled Olympiad"]
[Site "Bled SLO"]
[Date "2002.11.02"]
[EventDate "2002.10.26"]
[Round "8"]
[Result "1/2-1/2"]
[White "Christopher Lutz"]
[Black "Josif D Dorfman"]
[WhiteElo "2645"]
[BlackElo "2617"]
[PlyCount "61"]

1. e4 c6 2. d4 d5 3. Nd2 dxe4 4. Nxe4 Bf5 5. Ng3 Bg6 6. h4 h6
7. Nf3 Nd7 8. h5 Bh7 9. Bd3 Bxd3 10. Qxd3 Ngf6 11. Bf4 e6
12. O-O-O Be7 13. Kb1 O-O 14. Ne4 Nxe4 15. Qxe4 Nf6 16. Qe2
Qd5 17. Ne5 Qe4 18. Qxe4 Nxe4 19. Rhe1 Nf6 20. g4 Rfd8 21. c3
c5 22. dxc5 Bxc5 23. f3 Rxd1+ 24. Rxd1 Nd5 25. Nd3 Be7 26. Bc1
Rd8 27. Kc2 f6 28. Nf4 Kf7 29. a3 b5 30. Nxd5 Rxd5 31. Rxd5
1/2-1/2

[Event "Bled Olympiad"]
[Site "Bled SLO"]
[Date "2002.11.02"]
[EventDate "2002.10.26"]
[Round "8"]
[Result "1/2-1/2"]
[White "Christian Bauer"]
[Black "Thomas Luther"]
[WhiteElo "2562"]
[BlackElo "2538"]
[PlyCount "38"]

1. e4 Nf6 2. e5 Nd5 3. d4 d6 4. Nf3 dxe5 5. Nxe5 c6 6. h3 Nd7
7. Nf3 e6 8. c4 N5f6 9. Nc3 Bd6 10. Be2 O-O 11. O-O b6 12. Ng5
Bb7 13. Bf3 Rc8 14. Nge4 Nxe4 15. Nxe4 Bb8 16. Bg5 Qc7 17. g3
f5 18. Nc3 f4 19. g4 Rce8 1/2-1/2

[Event "Bled Olympiad"]
[Site "Bled SLO"]
[Date "2002.11.02"]
[EventDate "2002.10.26"]
[Round "8"]
[Result "1/2-1/2"]
[White "Andrei Sokolov"]
[Black "Rustem Dautov"]
[WhiteElo "2587"]
[BlackElo "2617"]
[PlyCount "38"]

1. e4 c6 2. d4 d5 3. Nc3 dxe4 4. Nxe4 Bf5 5. Ng3 Bg6 6. h4 h6
7. Nf3 Nd7 8. h5 Bh7 9. Bd3 Bxd3 10. Qxd3 Ngf6 11. Bf4 e6
12. O-O-O Be7 13. Kb1 O-O 14. Ne4 Nxe4 15. Qxe4 Nf6 16. Qe2
Qd5 17. Ne5 Qe4 18. Qxe4 Nxe4 19. Rhf1 Bg5 1/2-1/2

[Event "Bled Olympiad"]
[Site "Bled SLO"]
[Date "2002.11.02"]
[EventDate "2002.10.26"]
[Round "8"]
[Result "1-0"]
[White "Joerg Hickl"]
[Black "Jean-Marc Degraeve"]
[WhiteElo "2605"]
[BlackElo "2575"]
[PlyCount "153"]

1. Nf3 c5 2. g3 Nc6 3. Bg2 g6 4. c3 Bg7 5. O-O d5 6. d3 Nf6
7. a3 O-O 8. b4 b6 9. Nbd2 Nd7 10. Qb3 e6 11. Bb2 Bb7 12. Rfe1
Qe7 13. Rab1 a5 14. e4 dxe4 15. Nxe4 axb4 16. axb4 cxb4
17. cxb4 Bxb2 18. Rxb2 Nce5 19. Nxe5 Nxe5 20. Qc3 Nd7 21. Qc7
Bxe4 22. dxe4 Rfc8 23. Qf4 Rc4 24. Rd1 Nf8 25. b5 Rd8 26. Rbd2
e5 27. Qe3 Rxd2 28. Rxd2 Rc5 29. Qa3 Ne6 30. Rd5 Qc7 31. Bf1
Rc1 32. Kg2 Rc5 33. h4 h5 34. Qa8+ Kg7 35. Qa3 Rxd5 36. exd5
Nd4 37. Kg1 Qd7 38. Qa8 Nf3+ 39. Kg2 Qg4 40. d6 Nxh4+ 41. Kg1
Nf3+ 42. Kg2 h4 43. Be2 e4 44. Qa1+ Kg8 45. Qd1 hxg3 46. fxg3
Qd7 47. Qd5 Ne1+ 48. Kf2 Nd3+ 49. Bxd3 exd3 50. Ke3 Qe8+
51. Kxd3 Qd7 52. Qe5 Kh7 53. Ke3 Qc8 54. Qd5 Qc3+ 55. Qd3 Qe1+
56. Kf3 Qh1+ 57. Kf4 Qc1+ 58. Ke4 Qh1+ 59. Ke5 Qe1+ 60. Kd5
Qe8 61. Kc4 Qc8+ 62. Kb4 Qg4+ 63. Kb3 Qd7 64. Qd5 Kg8 65. Kc3
Kf8 66. Qd4 Qc8+ 67. Kb2 Ke8 68. Qxb6 Kd7 69. Kb3 f5 70. Qd4
Qg8+ 71. Kb4 Qf8 72. Kc5 Qc8+ 73. Kb4 Qf8 74. Qa7+ Ke6
75. Qe7+ Qxe7 76. dxe7 Kxe7 77. Ka5 1-0

[Event "Bled Olympiad"]
[Site "Bled SLO"]
[Date "2002.11.02"]
[EventDate "2002.10.26"]
[Round "8"]
[Result "1-0"]
[White "Surya Shekhar Ganguly"]
[Black "Larry Christiansen"]
[WhiteElo "2531"]
[BlackElo "2566"]
[PlyCount "79"]

1. e4 c6 2. d4 d5 3. Nd2 dxe4 4. Nxe4 Bf5 5. Ng3 Bg6 6. h4 h6
7. Nf3 Nd7 8. h5 Bh7 9. Bd3 Bxd3 10. Qxd3 Ngf6 11. Bf4 e6
12. O-O-O Nd5 13. Bd2 Nb4 14. Bxb4 Bxb4 15. Qe2 O-O 16. Ne4
Qc7 17. Kb1 Be7 18. Qe3 Rae8 19. g4 f5 20. Ned2 Bf6 21. Rhg1
Kh8 22. g5 hxg5 23. Nxg5 e5 24. Qh3 exd4 25. Qxf5 Bxg5
26. Qxg5 Qe5 27. Qg4 Re7 28. Nf3 Qe4 29. Qxe4 Rxe4 30. Nxd4
Nf6 31. f3 Re5 32. f4 Rxh5 33. Ne6 Rg8 34. Rg6 Nd5 35. a3 a5
36. f5 Ne3 37. Rg5 g6 38. fxg6 Rh2 39. g7+ Kh7 40. Rdg1 1-0

[Event "Bled Olympiad"]
[Site "Bled SLO"]
[Date "2002.11.02"]
[EventDate "2002.10.26"]
[Round "8"]
[Result "1/2-1/2"]
[White "Eduardas Rozentalis"]
[Black "Aleksander Delchev"]
[WhiteElo "2563"]
[BlackElo "2560"]
[PlyCount "73"]

1. e4 d6 2. d4 g6 3. Nf3 Nf6 4. Nc3 Bg7 5. Be2 O-O 6. O-O Bg4
7. Be3 Nc6 8. Nd2 Bxe2 9. Qxe2 e5 10. d5 Nd4 11. Qd3 c5 12. a4
Nh5 13. Rae1 f5 14. f3 Bf6 15. exf5 gxf5 16. Nd1 Bh4 17. Nf2
Qf6 18. c3 Qg7 19. Kh1 Kh8 20. Nc4 Rg8 21. Rg1 f4 22. cxd4
fxe3 23. Qxe3 cxd4 24. Qd2 Bxf2 25. Qxf2 Rad8 26. Qh4 Nf4
27. Re4 Nxd5 28. Rg4 Qf6 29. Rxg8+ Kxg8 30. Qe4 Qf7 31. Rc1
Kh8 32. Rd1 Nf6 33. Qf5 Kg7 34. b3 Qg6 35. Qe6 Qf7 36. Qf5 Qg6
37. Qe6 1/2-1/2

[Event "Bled Olympiad"]
[Site "Bled SLO"]
[Date "2002.11.02"]
[EventDate "2002.10.26"]
[Round "8"]
[Result "1/2-1/2"]
[White "Aloyzas Kveinys"]
[Black "Julian Radulski"]
[WhiteElo "2530"]
[BlackElo "2487"]
[PlyCount "49"]

1. c4 e6 2. Nc3 d5 3. d4 Nf6 4. cxd5 exd5 5. Bg5 Be7 6. e3 O-O
7. Bd3 c6 8. Qc2 Nbd7 9. Nf3 Re8 10. h3 Nf8 11. O-O-O Be6
12. Kb1 Rc8 13. Ne2 Ne4 14. Bxe7 Qxe7 15. Nf4 c5 16. dxc5 Rxc5
17. Qe2 Ng6 18. Nxg6 hxg6 19. Nd4 Qf6 20. Bxe4 dxe4 21. Rc1
Rec8 22. Rxc5 Rxc5 23. b3 Bd7 24. Rc1 Bb5 25. Nxb5 1/2-1/2

[Event "Bled Olympiad"]
[Site "Bled SLO"]
[Date "2002.11.02"]
[EventDate "2002.10.26"]
[Round "8"]
[Result "1-0"]
[White "Marijan Petrov"]
[Black "Vaidas Sakalauskas"]
[WhiteElo "2513"]
[BlackElo "2450"]
[PlyCount "85"]

1. e4 e6 2. d4 d5 3. e5 c5 4. c3 Qb6 5. Nf3 Nc6 6. a3 Nh6
7. b4 cxd4 8. cxd4 Nf5 9. Be3 Bd7 10. Bd3 Nxe3 11. fxe3 Rc8
12. O-O Be7 13. Qe1 f6 14. Nc3 O-O 15. exf6 Bxf6 16. Rc1 Ne7
17. Qg3 Be8 18. Qh3 Bg6 19. Bxg6 hxg6 20. Na4 Qd6 21. Nc5 Nf5
22. g4 Nxe3 23. Rfe1 b6 24. g5 Be7 25. Rxe3 bxc5 26. bxc5 Qf4
27. Qxe6+ Kh7 28. Rce1 Rc7 29. Qh3+ Kg8 30. Rxe7 Rxe7 31. Rxe7
Qxf3 32. Qxf3 Rxf3 33. c6 Rc3 34. c7 Kh7 35. Kf2 a5 36. a4 Rc1
37. Rd7 Rc3 38. h4 Rc1 39. Ke3 Rc4 40. Re7 Rc1 41. Kf4 Rc2
42. Ke5 Re2+ 43. Kd6 1-0

[Event "Bled Olympiad"]
[Site "Bled SLO"]
[Date "2002.11.02"]
[EventDate "2002.10.26"]
[Round "8"]
[Result "0-1"]
[White "Petar Genov"]
[Black "Vidmantas Malisauskas"]
[WhiteElo "2515"]
[BlackElo "2521"]
[PlyCount "82"]

1. d4 Nf6 2. c4 g6 3. Nc3 d5 4. Nf3 Bg7 5. Bg5 Ne4 6. cxd5
Nxg5 7. Nxg5 e6 8. Nf3 exd5 9. e3 a5 10. Be2 O-O 11. O-O c6
12. a3 Qd6 13. Na4 Nd7 14. Rc1 Re8 15. Ne1 Bf6 16. Nd3 Bd8
17. Re1 Bc7 18. g3 h5 19. Nac5 h4 20. Bf3 Nf6 21. Ne5 Qf8
22. Ng4 Nxg4 23. Bxg4 f5 24. Bf3 Qf6 25. Nd3 Re7 26. b4 Bd6
27. Qb3 axb4 28. axb4 Bd7 29. Nc5 Be8 30. b5 Kh8 31. Qc3 g5
32. Ra1 Rxa1 33. Rxa1 hxg3 34. hxg3 f4 35. exf4 gxf4 36. g4
Bg6 37. bxc6 bxc6 38. Kg2 Be4 39. Rh1+ Kg7 40. Nb3 Qe6 41. Kf1
Bb4 0-1

[Event "Bled Olympiad"]
[Site "Bled SLO"]
[Date "2002.11.02"]
[EventDate "2002.10.26"]
[Round "8"]
[Result "1/2-1/2"]
[White "Torstein Bae"]
[Black "Nenad Fercec"]
[WhiteElo "2370"]
[BlackElo "2504"]
[PlyCount "78"]

1. d4 Nf6 2. c4 c5 3. d5 e6 4. Nc3 exd5 5. cxd5 d6 6. Nf3 g6
7. Nd2 Bg7 8. e4 O-O 9. Be2 Na6 10. O-O Nc7 11. a4 b6 12. Nc4
Ba6 13. Bg5 Qd7 14. f3 h6 15. Be3 Rfe8 16. Qd2 Kh7 17. Rab1
Rab8 18. b4 Bxc4 19. Bxc4 Qe7 20. Nb5 Nxb5 21. Bxb5 Nd7
22. bxc5 dxc5 23. Bf4 Rbc8 24. Rfe1 c4 25. d6 Qd8 26. Qd5 Re6
27. Bxc4 Qf6 28. Be3 Ne5 29. d7 Rd8 30. Bb5 Rd6 31. Qb7 Nxd7
32. Qxa7 Ne5 33. Qc7 Nxf3+ 34. gxf3 Qxf3 35. Qc2 Rd2 36. Bxd2
Qg4+ 37. Kh1 Qf3+ 38. Kg1 Qg4+ 39. Kh1 Qf3+ 1/2-1/2

[Event "Bled Olympiad"]
[Site "Bled SLO"]
[Date "2002.11.02"]
[EventDate "2002.10.26"]
[Round "8"]
[Result "1-0"]
[White "Nenad Sulava"]
[Black "Kjetil A Lie"]
[WhiteElo "2551"]
[BlackElo "2421"]
[PlyCount "141"]

1. Nf3 c5 2. c4 Nc6 3. Nc3 g6 4. e3 Bg7 5. d4 cxd4 6. exd4 d6
7. h3 Nf6 8. d5 Nb8 9. Bd3 O-O 10. O-O Na6 11. Re1 Bd7 12. Bg5
Re8 13. Qd2 Rb8 14. Rab1 Nc5 15. Bc2 a5 16. b3 Na6 17. Nd4 Qb6
18. Be3 Qd8 19. a3 Nc7 20. Nce2 Ra8 21. a4 e6 22. dxe6 fxe6
23. Nb5 Bxb5 24. axb5 d5 25. Bb6 Nd7 26. Bxa5 Ne5 27. Ng3 Qd6
28. Ne4 Qe7 29. Bb4 Qh4 30. Qg5 Qxg5 31. Nxg5 Ra2 32. Rbc1 Nf7
33. Nxf7 Kxf7 34. Bd6 Na8 35. Re2 Ra1 36. Rxa1 Bxa1 37. c5 Bd4
38. b6 Rd8 39. Rd2 e5 40. b4 Ke6 41. Bd1 Rxd6 42. Bg4+ Ke7
43. cxd6+ Kxd6 44. Rc2 Nxb6 45. Bc8 Na4 46. Bxb7 Bc3 47. Ra2
Nb6 48. b5 Kc5 49. Bc6 d4 50. Be4 Kxb5 51. Ra7 h6 52. Bxg6 Kc4
53. Rc7+ Kd5 54. f3 Kd6 55. Rg7 Bd2 56. Be4 Be3+ 57. Kf1 Na4
58. Ke2 Nc5 59. h4 Ne6 60. Rg6 Ke7 61. g3 Kf7 62. h5 Ng7
63. Bd5+ Kf8 64. Rf6+ Ke8 65. g4 Kd8 66. Rf8+ Ke7 67. Rf7+ Kd6
68. Rxg7 Kxd5 69. g5 e4 70. fxe4+ Kxe4 71. Re7+ 1-0

[Event "Bled Olympiad"]
[Site "Bled SLO"]
[Date "2002.11.02"]
[EventDate "2002.10.26"]
[Round "8"]
[Result "0-1"]
[White "Leif Erlend Johannessen"]
[Black "Robert Zelcic"]
[WhiteElo "2534"]
[BlackElo "2554"]
[PlyCount "54"]

1. d4 Nf6 2. c4 e6 3. Nc3 Bb4 4. e3 b6 5. Nge2 c5 6. a3 Ba5
7. Rb1 Na6 8. f3 O-O 9. d5 exd5 10. cxd5 b5 11. e4 Re8 12. Ng3
b4 13. axb4 cxb4 14. Nb5 b3+ 15. Bd2 Nxd5 16. Nd6 Re6 17. Nxc8
Rxc8 18. Bd3 Ne3 19. Qe2 Nc2+ 20. Kf1 Bxd2 21. Qxd2 Nab4
22. Be2 d5 23. exd5 Nxd5 24. Qd3 Qb6 25. Qb5 Nce3+ 26. Kg1
Qxb5 27. Bxb5 Rc2 0-1

[Event "Bled Olympiad"]
[Site "Bled SLO"]
[Date "2002.11.02"]
[EventDate "2002.10.26"]
[Round "8"]
[Result "1/2-1/2"]
[White "Vasile Sanduleac"]
[Black "Aljosa Grosar"]
[WhiteElo "2471"]
[BlackElo "2474"]
[PlyCount "193"]

1. e4 c5 2. Nf3 d6 3. d4 cxd4 4. Qxd4 Nc6 5. Bb5 Bd7 6. Bxc6
Bxc6 7. Nc3 Nf6 8. Bg5 e6 9. O-O-O Be7 10. Qd3 Qa5 11. h4 h6
12. Bd2 Qa6 13. Qxa6 bxa6 14. Rhe1 e5 15. Nh2 Rc8 16. f3 Nh5
17. g4 Nf4 18. Bxf4 exf4 19. h5 O-O 20. Nf1 Rfd8 21. Nd2 Bh4
22. Re2 Bf6 23. Nd5 Bg5 24. Nb3 Kf8 25. Red2 Bb5 26. c3 Ba4
27. Rh1 Rb8 28. Nd4 Bd7 29. Kc2 Rdc8 30. Rhd1 Be6 31. Ne2 a5
32. Rd4 Rc5 33. Nc1 Rcb5 34. b3 Rc8 35. Ne2 Rbc5 36. Kb2 Bd7
37. c4 a4 38. Nec3 Rb8 39. Ka3 axb3 40. axb3 a5 41. Ra1 Rcc8
42. Kb2 Rc5 43. Kc2 Be6 44. Ra3 Bd7 45. Rd1 Be6 46. Rda1 Ra8
47. Kd3 Bxd5 48. Nxd5 Rb8 49. R1a2 g6 50. Rh2 Kg7 51. Rha2 Rb7
52. Re2 Rb8 53. Kc2 Rb7 54. Rd2 Kf8 55. Nc3 Ke7 56. Rd5 Ra7
57. Nb5 Ra6 58. Kd3 gxh5 59. gxh5 Bf6 60. b4 Rc8 61. bxa5 Rg8
62. Rf5 Be5 63. Nc7 Ra7 64. Nd5+ Ke6 65. a6 Rga8 66. Ra2 f6
67. Ra5 Rc8 68. Rb5 Kf7 69. Nb4 Kg8 70. Rb6 Rca8 71. Kc2 Rc7
72. Kb3 Kg7 73. Nc6 Kg8 74. Ka4 Rac8 75. a7 Kg7 76. Ra6 Ra8
77. Kb5 Rb7+ 78. Ka4 Rc7 79. c5 Rxc6 80. Rxc6 Rxa7+ 81. Kb5
dxc5 82. Kxc5 Ra3 83. Kd5 Rxf3 84. Rb6 Re3 85. Rb4 Re2 86. Ke6
Re3 87. Ra4 Re2 88. Rb4 Re3 89. Ke7 Re2 90. Rb1 Rxe4 91. Rg1+
Kh7 92. Kf7 Re2 93. Rg4 Ra2 94. Rg7+ Kh8 95. Rg8+ Kh7 96. Rg7+
Kh8 97. Rg8+ 1/2-1/2

[Event "Bled Olympiad"]
[Site "Bled SLO"]
[Date "2002.11.02"]
[EventDate "2002.10.26"]
[Round "8"]
[Result "1/2-1/2"]
[White "Florian Jenni"]
[Black "Geert van der Stricht"]
[WhiteElo "2483"]
[BlackElo "2403"]
[PlyCount "107"]

1. e4 c5 2. Nf3 d6 3. d4 cxd4 4. Nxd4 Nf6 5. Nc3 a6 6. Be3 Ng4
7. Bg5 h6 8. Bh4 g5 9. Bg3 Bg7 10. Be2 h5 11. Nf5 Bxf5
12. exf5 h4 13. Bxd6 Nxf2 14. Kxf2 exd6 15. Nd5 Nc6 16. c3 Be5
17. Re1 Ne7 18. Bf3 Nxd5 19. Bxd5 Qb6+ 20. Kf1 Kf8 21. Qb3
Qxb3 22. axb3 Rb8 23. h3 Kg7 24. Re4 Rhe8 25. Ke2 Kf6 26. Kd3
Re7 27. Rb4 Kxf5 28. Rxa6 Bf4 29. Ra7 Re3+ 30. Kc2 Re2+
31. Kb1 Rd2 32. Rb5 Be5 33. Bf3 Ke6 34. Bxb7 Rf8 35. Bf3 f5
36. Rbb7 Kf6 37. Rg7 Bf4 38. Bh5 Be3 39. Rg6+ Ke5 40. Ra5+ Kf4
41. Re6 d5 42. Bf3 d4 43. cxd4 Bxd4 44. Ra4 Rc8 45. Rc6 Rxc6
46. Bxc6 Ke3 47. Ka2 g4 48. Ra8 gxh3 49. gxh3 Rxb2+ 50. Ka3
Rh2 51. Re8+ Kf4 52. Re1 Rxh3 53. Rf1+ Ke5 54. Rxf5+ 1/2-1/2